000 00688nam a2200289Ia 4500
005 20260324132923.0
008 008 260324s9999 xx 000 0 eng d
020 _a9781003512981
037 _aEBOOK
040 _aCRL
040 _beng
040 _cCRL
041 _2eng
041 _aeng
084 _qCRL
100 _aMarianna Kambani
_91191116
245 0 _aLives of Victorian Literary Figures, Part II, Volume 2
245 4 _bThe Brontës
260 _bTaylor and Francis
260 _c2004
365 _a
365 _b150
856 _uhttp://www.taylorfrancis.com/books/9781003512981
942 _cEBOOK
999 _c1789670
_d1789670